| 000 | 02598nam a2200565Ii 4500 | ||
|---|---|---|---|
| 001 | DIGXIAGT045 | ||
| 003 | NyNyDIG | ||
| 008 | 140901s20132013sp o 000 1 spa d | ||
| 006 | m o d | ||
| 007 | cr ||||||||||| | ||
| 035 | _a(OCoLC)956263351 | ||
| 066 | _c(2 | ||
| 020 |
_a9788416072200 _q(eBook) |
||
| 020 |
_a8416072205 _q(eBook) |
||
| 020 |
_z9788415863083 _q(hard cover ; _qGalaxia Gutenberg) |
||
| 020 |
_z841586308X _q(hard cover ; _qGalaxia Gutenberg) |
||
| 020 |
_z9788467255881 _q(hard cover ; _qCírculo de Lectores) |
||
| 020 |
_z8467255889 _q(hard cover ; _qCírculo de Lectores) |
||
| 040 |
_aDGITA _beng _erda _epn _cDGITA |
||
| 041 | 1 |
_aspa _hheb |
|
| 050 | 1 | 4 | _aPJ5054.A755 eBook |
| 100 | 1 |
_6880-01 _aApelfeld, Aharon, _eauthor. |
|
| 240 | 1 | 0 |
_6880-02 _aKutonet veha-pasim. _lSpanish |
| 245 | 1 | 0 |
_aTzili, la historia de una vida / _cAharon Appelfeld ; traducción de Raquel García Lozano. |
| 250 | _aPrimera edición. | ||
| 264 | 1 |
_aBarcelona : _bGalaxia Gutenberg : _bCírculo de Lectores, _cseptiembre 2013. |
|
| 264 | 4 | _c©2013 | |
| 300 | _a1 online resource (158 pages). | ||
| 336 |
_atext _btxt _2rdacontent |
||
| 337 |
_acomputer _bc _2rdamedia |
||
| 338 |
_aonline resource _bcr _2rdacarrier |
||
| 490 | 1 |
_aSerie Narrativa ; _v120 |
|
| 500 |
_6500-03 _aTranslated from the Hebrew: ha-Kutonet ṿeha-pasim. Tel Aviv : ha-Ḳibuts ha-meʼuḥad,, c1983. |
||
| 520 | _aA young Jewish girl survives the Holocaust living alone in the forest and among the gentile peasants she fears. | ||
| 588 | 0 | _aOnline resource; title from ePub and PDF title page (Digitalia, viewed August 10, 2014) | |
| 650 | 0 |
_aHolocaust, Jewish (1939-1945) _vFiction. |
|
| 655 | 0 | _aElectronic books. | |
| 700 | 1 |
_aGarcía Lozano, Raquel, _etranslator. |
|
| 700 | 1 |
_iTranslation of: _aApelfeld, Aharon. _tKutonet ṿeha-pasim. |
|
| 791 | 2 |
_aDigitalia (Firm), _edistributor. |
|
| 793 | 0 |
_gDigitalia eBook Collection: _aGalaxia Gutenberg. |
|
| 776 | 0 | 8 |
_iPrint version: _aAppelfeld, Aharon, 1932- _sKutonet ṿeha-pasim. Spanish. _tTzili, la historia de una vida. _bPrimera edición. _dBarcelona : Galaxia Gutenberg : Círculo de Lectores, 2013 _z9788415863083 |
| 830 | 0 |
_aSerie Narrativa (Galaxia Gutenberg (Firm)) ; _v120 |
|
| 856 | 4 | 0 |
_3Digitalia Hispánica _uhttps://www.digitaliapublishing.com/a/28830/ |
| 880 | 1 |
_6100-01/(2/r _aאפלפלד, אהרון |
|
| 880 | 1 | 0 |
_6240-02/(2/r _aהכתונת והפסים |
| 880 |
_6500-03/(2/r _aתרגום של: הכותונת והפסים : הקיבוץ המאוחד, .1983 |
||
| 910 | _aPremium Collection: 2014 | ||
| 942 | _cRAA | ||
| 999 |
_c239384 _d239384 |
||